000 00995nam a2200253 a 4500
001 574
003 BR-CuiBMT
005 20231216001425.0
008 231109s2015 mgb 000 0 por d
020 _a9788545000945
040 _aBR-CuiBMT
_cBR-CuiBMT
080 _22007
_a658.114.8:061.2
090 _a658.114.8:061.2
_bV795t
_c3. ed.
100 1 _aViolin, Tarso Cabral
245 1 0 _aTerceiro setor e as parcerias com a administração pública :
_buma análise crítica /
_cTarso Cabral Violin ; prefácio Romeu Felipe Bacellar Filho e Carlos Montaño.
250 _a3. ed., rev. e ampl.
260 _aBelo Horizonte :
_bFórum,
_c2015.
300 _a349 p. ;
_c22 cm
500 _aAtualizado conforme a lei das OSC - Organizações da sociedade civil (Lei 13.019/2014) e a decisão do STF na ADIN 1.923 sobre a Lei 9.637/98.
504 _aInclui bibliografia.
650 _aDireito administrativo
_zBrasil
650 _aAdministração pública
_xTerceiro setor
_zBrasil
942 _2udc
_cLV
999 _c574
_d574